000 00315nam a22001457a 4500
008 230123b ||||| |||| 00| 0 eng d
020 _a9781594604379
041 _aeng
080 _a34
082 _a34LYN
100 _a30
101 _aJURE
245 _aLAW AND CRIMINAL JUSTICE
_cLYNCH R D
942 _2udc
_cBK
999 _c59241
_d59241